Doraemon học tập : Những thí nghiệm thú vị
Quyển sách Doraemon học tập này không những đưa ra những lời giải thích một chiều, mà các nhân vật trong truyện sẽ hóa thân thành độc giả, giả đố sai, mang nghi vấn về từng vấn đề và đưa ra những lí giải hết sức hồn nhiên......
Kaydedildi:
| Yazar: | |
|---|---|
| Diğer Yazarlar: | , |
| Materyal Türü: | Kitap |
| Dil: | Vietnamese |
| Baskı/Yayın Bilgisi: |
H.
Kim đồng
2021
|
| Edisyon: | Tái bản lần thứ 5 |
| Seri Bilgileri: | Tủ sách học vui
|
| Konular: | |
| Etiketler: |
Etiketle
Etiket eklenmemiş, İlk siz ekleyin!
|
| Thư viện lưu trữ: | Thư viện Trường Đại học Nam Cần Thơ |
|---|
| LEADER | 01228nam a22002417a 4500 | ||
|---|---|---|---|
| 001 | NCT_138205 | ||
| 008 | 220617b xxu||||| |||| 00| 0 vie d | ||
| 999 | |c 7137 |d 7137 | ||
| 020 | |a 9786042214513 |c 40000 | ||
| 082 | 0 | 4 | |2 23rd ed. |a 895.63 |b F949 |
| 100 | 1 | |a Fujio, Fujiko F | |
| 245 | 1 | 0 | |a Doraemon học tập : |b Những thí nghiệm thú vị |c Fujiko F Fujio, Nichinouken, Hiroshi Murata |
| 250 | |a Tái bản lần thứ 5 | ||
| 260 | |a H. |b Kim đồng |c 2021 | ||
| 300 | |a 192 tr. |b Tranh vẽ |c 18cm | ||
| 490 | 0 | |a Tủ sách học vui | |
| 520 | 3 | |a Quyển sách Doraemon học tập này không những đưa ra những lời giải thích một chiều, mà các nhân vật trong truyện sẽ hóa thân thành độc giả, giả đố sai, mang nghi vấn về từng vấn đề và đưa ra những lí giải hết sức hồn nhiên... | |
| 653 | |a Tham khảo | ||
| 700 | 1 | |a Nichonouken | |
| 700 | 1 | |a Murata, Hiroshi | |
| 942 | |2 ddc |c BK | ||
| 952 | |0 0 |1 0 |2 ddc |4 0 |6 895_630000000000000_F949 |7 0 |9 25256 |a 000001 |b 000001 |d 2022-06-17 |o 895.63 F949 |p TK.02705 |r 2022-06-17 |w 2022-06-17 |y BK | ||
| 980 | |a Thư viện Trường Đại học Nam Cần Thơ | ||


